书目信息 |
| 题名: |
精功易筋经
|
|
| 作者: | 肖宏 , 高翔 主编 | |
| 分册: | ||
| 出版信息: | 北京 人民体育出版社 2009 |
|
| 页数: | 156页 | |
| 开本: | 20cm | |
| 丛书名: | ||
| 单 册: | ||
| 中图分类: | G852.6 | |
| 科图分类: | ||
| 主题词: | 易筋经(古代体育) | |
| 电子资源: | ||
| ISBN: | 978-7-5009-3572-8 | |
| 000 | 00797nam0 2200241 45 | |
| 001 | 1130726406 | |
| 005 | 20110310095546.35 | |
| 010 | @a978-7-5009-3572-8@dCNY13.00 | |
| 100 | @a20110122e20102009em y0chiy50 ea | |
| 101 | 0 | @achi |
| 102 | @aCN@b110000 | |
| 105 | @aa z 000yy | |
| 106 | @ar | |
| 200 | 1 | @a精功易筋经@AJing Gong Yi Jin Jing@f肖宏,高翔主编@FXiao Hong, Gao Xiang Zhu Bian |
| 210 | @a北京@c人民体育出版社@d2009@h2010 | |
| 215 | @a156页@c图@d20cm | |
| 330 | @a本书主要内容包括:熊氏易筋经,伍氏易筋经,达摩易筋经,拳式易筋经,峨眉易筋经,混元易筋经,禅秘易筋经,揉练易筋经。 | |
| 606 | 0 | @a易筋经(古代体育) |
| 690 | @aG852.6@v4 | |
| 701 | 0 | @a肖宏@AXiao Hong@4主编 |
| 701 | 0 | @a高翔@AGao Xiang@4主编 |
| 801 | 0 | @aCN@bTANGWEI@c20110310 |
| 905 | @b0531764-67@dG852.6@e235@f4 | |
| 精功易筋经/肖宏,高翔主编.-北京:人民体育出版社,2009(2010) |
| 156页:图;20cm |
| ISBN 978-7-5009-3572-8:CNY13.00 |
| 本书主要内容包括:熊氏易筋经,伍氏易筋经,达摩易筋经,拳式易筋经,峨眉易筋经,混元易筋经,禅秘易筋经,揉练易筋经。 |
| ● |
| 相关链接 |
|
|
|
|
正题名:精功易筋经
索取号:G852.6/235
 
预约/预借
| 序号 | 登录号 | 条形码 | 馆藏地/架位号 | 状态 | 备注 |
| 1 | 0531764 | 205317646 | 第一样本阅览室/ [索取号:G852.6/235] | 在馆 | |
| 2 | 0531765 | 205317655 | 第四借阅区/ [索取号:G852.6/235] | 在馆 | |
| 3 | 0531766 | 205317664 | 第四借阅区/ [索取号:G852.6/235] | 在馆 | |
| 4 | 0531767 | 205317673 | 密集书库-体育系/ [索取号:G852.6/235] | 在馆 |